01426cam a2200337 i 450000100090000000300040000900500170001300800410003001000170007102000220008802000240011002000230013403500130015704000280017004200080019805000240020608200160023010000400024624501160028626400430040230000230044533600260046833700280049433800270052249000460054950400530059550502120064865000430086065000290090377601560093219175199OSt20260313141032.0160713s2017 ilu b 001 0 eng  a 2016027439 a9781433549953qtp z978433549984 (epub) z978143349960 (pdf) a19175199 aDLCbengcDLCerdadDLC apcc00aBT738.5b.H355 201700a261.8/52231 aHamilton, James M.,d1974-eauthor.10aWork and our labor in the Lord /cJames M. Hamilton Jr ; Dane C. Ortlund and Miles V. Van Pelt, series editors. 1aWheaton, Illinois :bCrossway,c[2017] a123 pages ;c21 cm atextbtxt2rdacontent aunmediatedbn2rdamedia avolumebnc2rdacarrier0 aShort studies in biblical theology series aIncludes bibliographical references and indexes.0 aCreation : work in the very good garden -- Work after the fall fallen, futile, flourishing -- Redemption : work now that Christ has risen -- Restoration : work in the new heavens and new earth -- Conclusion. 0aWorkxReligious aspectsxChristianity. 0aWorkxBiblical teaching.08iOnline version:aHamilton, James M., 1974- author.tWork and our labor in the LorddWheaton, Illinois : Crossway, 2017z9781433549984w(DLC) 2016033561